Cartas a la sombra de tu piel /

I tiakina i:
Ngā taipitopito rārangi puna kōrero
Kaituhi matua: Pastoriza Iyodo, Benito (Author)
Ētahi atu kaituhi: Salum, Rose Mary
Hōputu: Pukapuka
Reo:Pāniora
I whakaputaina: [Mexico] : Tierra Firme, [2002]
Ngā Tūtohu: Tāpirihia he Tūtohu
Kāore He Tūtohu, Me noho koe te mea tuatahi ki te tūtohu i tēnei pūkete!

MARC

LEADER 00000nam a22000007i 4500
001 IT\ICCU\UBO\3182130
003 ItRI
005 20260115231959.0
008 070411s2002 mx |||||| ||||| |||||c
020 |a 9709339400 
040 |b ita  |c importazione bologna sebina 
041 7 |a spa  |2 ISO-639-2 
100 1 |a Pastoriza Iyodo, Benito  |0 IT\ICCU\UBOV\096919  |4 aut 
245 1 0 |a Cartas a la sombra de tu piel /  |c Benito Pastoriza Iyodo ; prologo por Rose Mary Salum. 
260 |a [Mexico] :  |b Tierra Firme,  |c [2002] 
300 |a 80 p. ;  |c 21 cm. 
700 1 |a Salum, Rose Mary  |0 IT\ICCU\UBOV\096957 
942 |2 ddc  |c BK  |n 0 
952 |0 0  |1 0  |4 0  |6 DOC_861_700000000000000_PAS  |7 0  |9 18437  |a BO  |b BO  |d 2026-01-15  |i 10958  |l 0  |o DOC 861.7 PAS  |p BO10958  |r 2026-01-15 23:19:59  |w 2026-01-15  |x [Sebina 5] [1 v.]  |y BK  |z 1 v. 
952 |0 0  |1 0  |4 0  |6 DOC_861_700000000000000_PAS  |7 0  |9 18438  |a BO  |b BO  |d 2026-01-15  |i 10959  |l 0  |o DOC 861.7 PAS  |p BO10959  |r 2026-01-15 23:19:59  |w 2026-01-15  |x [Sebina 5] [1 v.]  |y BK  |z 1 v. 
999 |c 15603  |d 15603